Регионална библиотека "Любен Каравелов" - Русе

Българската кларинетна школа (Запис номер 73820)

MARC детайли
000 -Лидер
Контролно поле с фиксирана дължина 01465nam a2200373 a 4500
003 - Код на организацията, давaща контролен номер
Контролно поле BLK
005 - Дата и час на последна редакция
Контролно поле 20250329160042.0
008 - Елементи от данни с фиксирана дължина
fixed length control field 180408b bul|||||r ||||||| ||bul||
010 ## - Наследен системен номер
LC control number KNG00078215000
020 ## - Международен стандартен номер на книга ISBN
Международен стандартен номер на книга ISBN 978-954-405-093-1
040 ## - Източник на каталожния запис
Идентификатор на билиотеката - собственик на записа BLK
041 ## - Код за език
Код за езика на текст/звукозапис или на отделно заглавие Български
Код за езика КДБФ Български
080 ## - УДК
Текстов определител УДК Кларинет. Етюди, гами, учебна литература
УДК код - определител по УДК 788.6.087.5
УДК - код + определител 788.6.087.5
100 1# - Редна дума - Автор
Автор Димитров, Сава Димитров
Авторска отговорност първи автор
R(LIN) 296582
139 ## - Редно поле
Редна дума Димитров, Сава Димитров
Авторски знак Дими - Д 58
245 10 - Сведения за заглавието
Заглавие Българската кларинетна школа
Подзаглавни данни Характеристика, методи на обучение, интерпретаторски подход
Редно поле (дума) Сава Димитров Димитров.
257 ## - Страна на издаване
Страна на създаване/издаване България
260 ## - Област на издателските данни
Име на издателя, разпространителя и проч. Музика
Година на издаване 2007
Място на издаване, разпространение и проч. София
300 ## - Физическа характеристика
Страници 184 с.
Илюстрации и др. с ноти
Размери/Мащаб 24 см
380 ## - Жанр
Жанр Изкуство
500 ## - Общи забележки
Забележка Офс. изд. - Библиогр. с. 176-183 ; Рез. на англ. ез.
504 ## - Забележка за наличие на библиография и др
Забележка за наличие на библиография и под. 176-183
650 #0 - Допълнително описание по предмет – тема
Основно описание – тема или топоним Духови музикални инструменти
9 (RLIN) 275013
653 ## - Ключова дума – ненормативна
Ключова дума кларинети
653 ## - Ключова дума – ненормативна
Ключова дума духови инструменти
653 ## - Ключова дума – ненормативна
Ключова дума техника на свиренето
852 ## - Местоположение
Форматна сигнатура Цб 236068
Фондова буква Хранилище
856 4# - Електронен адрес и достъп
Електронен формат pdf - файл
856 4# - Електронен адрес и достъп
Електронен формат pdf - файл
942 ## - АРТИКУЛИ
Вид на библиотечния материал Книги
Скрит в OPAC Не
Koha issues (borrowed), all copies 1
944 ## - СЪЗДАВАНЕ И РЕДАКЦИЯ на ЗАПИСА
Създаване/Редакция Създаване
Дата на регистрацията/редакция 15.10.2007
Служител, извършил регистрацията/редакцията 30560
Статус, дата на статуса Геновева Генчева
944 ## - СЪЗДАВАНЕ И РЕДАКЦИЯ на ЗАПИСА
Създаване/Редакция Редакция
Дата на регистрацията/редакция 21.08.2023
Служител, извършил регистрацията/редакцията ир
999 ## - СИСТЕМНИ КОНТРОЛНИ НОМЕРА
Koha biblionumber 73820
Koha biblioitemnumber 73820
999 ## - СИСТЕМНИ КОНТРОЛНИ НОМЕРА
Koha biblioitemnumber 73820
Наличности
Код за отписване Код за изгубен артикул Източник на класификационната схема Код за повреда Коз за рестрикции Код за отдаване Артикулен № Име на библиотеката - собственик Име на библиотеката, в която се намира в момента Статус (Текущо местоположение) Дата на вписване в системата Местоположение - отдел Цена в лева Инвентарен номер Систематично азбучна сигнатура Баркод Номер на екземпляра Цена в евро Служебна бележка Служебен тип на артикула
  Не е изгубен Universal Decimal Classification Не е повреден само за читалня ползва се в читалня 120193 Регионална библиотека "Любен Каравелов" Русе Регионална библиотека "Любен Каравелов" Русе Хранилище 2007-10-16 Хранилище 8.00 120000718349 Цб 236068 120000718349 1 4.09 Дост: Dp Вид: Д N: 21 Дата: 03.05.2007 Книги
  Не е изгубен Universal Decimal Classification Не е повреден без рестрикции заемане за дома 120194 Регионална библиотека "Любен Каравелов" Русе Регионална библиотека "Любен Каравелов" Русе Отдел Изкуство - подръчен фонд 2008-10-15 Отдел Изкуство - подръчен фонд 8.00 120000730476 788/Д 58 120000730476 2 4.09 Дост: Pk Вид: Ф N: 8703 Дата: 14.10.2008 Дата инв: 21.06.2012 Бележки инв: * Книги
  Не е изгубен Universal Decimal Classification Не е повреден без рестрикции заемане за дома 120195 Регионална библиотека "Любен Каравелов" Русе Регионална библиотека "Любен Каравелов" Русе Отдел Изкуство - подръчен фонд 2008-10-15 Отдел Изкуство - подръчен фонд 8.00 120000730477 788/Д 58 120000730477 3 4.09 Дост: Pk Вид: Ф N: 8703 Дата: 14.10.2008 Дата инв: 05.04.2017 Бележки инв: ИП2017 Книги
Vip Innovations Ltd, Rousse, Bulgaria 2025